000 00406nam a2200145Ia 4500
008 100204s9999 xx 000 0 und d
082 _b1004
100 _aनवलकर प्रमोद
245 _aझपाटा
260 _b"दिलिप प्रकाशन , मुंबई"
_c1979
300 _a200
630 _aझपाटा
730 _aझपाटा
942 _cBOOK
999 _c446196
_d446193